01101 a2200193 4500003000500000005001700005010001600022040000900038082001400047100002400061245013400085250004600219260005000265300003300315440003000348505046700378650003900845700002300884Nust20230320105613.0 a 88060681 cNust00a629.2,RIB1 aRibbens, William B.10aUnderstanding automotive electronics /cWilliam B. Ribbens, Norman P. Mansour ; with contributions by Gerald Luecke ... [et al.]. a3rd ed. /brevised by William B. Ribbens. aIndianapolis, Ind., USA :bH.W. Sams,cc1988. aiv, 366 p. :bill. ;c23 cm. 0aSams understanding series aAutomotive Fundamentals (Page-1), The Systems Approach to Control and Instrumentation (Page-20), Electronics Fundamentals (Page-47), Microcomputer Instrumentation and Control (Page-73), Sensor and Actuators (Page-119), The Basics of Electronics Engine Control (Page-163), Digital Engine Control System (Page-199), Vehicle Motion Control (Page-239), Automotive Instrumentation (Page-263), Diagnostics (Page-297), Future Automotive Electrical Systems (Page-323).  0aAutomobilesxElectronic equipment.1 aMansour, Norman P.